000 00317nam a22001337a 4500
008 170329b xxu||||| |||| 00| 0 eng d
020 _a0915473275
041 _aeng
080 _22ND
_a616-053.2
100 _a8
101 _aSHM
245 _aPLANNING FOR PREGNANCY, BIRTH AND BEYOND
_cHOLZMAN, G.B
942 _2udc
_cBK
999 _c9054
_d9054